| 000 | 00588cam a2200217ua 4500 | ||
|---|---|---|---|
| 001 | 10098 | ||
| 008 | 170329n ii |||gr||||Z||||||asm | ||
| 020 | _a8173392439 | ||
| 040 | _cMAIN | ||
| 041 | _aasm | ||
| 082 | _a301.072 | ||
| 100 |
_aAhmed, Giyasuddin, _eAuthor. |
||
| 245 |
_aSamajik govesona aru iyar kaushal pronali _cBy Giyasuddin Ahmed and Himanta Borgohain |
||
| 250 | _aRev. ed. | ||
| 260 |
_aDibrugarh: _bBanalata, _c2015. |
||
| 300 | _a260p. | ||
| 653 | _aSociology & anthropology | ||
| 653 | _aSocial research | ||
| 700 |
_aBorgohain, Himanta, _eAuthor. |
||
| 942 | _cBK | ||
| 999 |
_c9097 _d9097 |
||